[Event "81st ch-ESP 2016"]
[White "Gines Esteo, Pedro Antonio"]
[Black "Meneses Gonzalez, Kevin Moises"]
[Site "Linares ESP"]
[Result "0-1"]
[Date "2016.08.10"]
[WhiteElo "2194"]
[BlackElo "2337"]
[PlyCount "120"]

1. d4 Nf6 2. Nf3 g6 3. c4 Bg7 4. Nc3 0-0 5. e4 d6 6. Be3 Na6 7. Be2 e5 8. 0-0 c6 9. Rb1 exd4 10. Nxd4 Re8 11. f3 d5 12. cxd5 Nxd5 13. Bf2 Nxc3 14. bxc3 Qa5 15. Qb3 Nc5 16. Qc4 Ne6 17. Rfd1 Nxd4 18. cxd4 Be6 19. Qb4 Qxb4 20. Rxb4 b6 21. a4 Red8 22. Rc1 a5 23. Rxb6 Rxd4 24. Rbxc6 Rxa4 25. Ba6 Ra1 26. Rxa1 Bxa1 27. Bc5 Rd8 28. Bd6 a4 29. e5 Bb2 30. Bc4 Bxc4 31. Rxc4 Ra8 32. Re4 a3 33. Bxa3 Rxa3 34. e6 fxe6 35. Rxe6 Bd4+ 36. Kf1 Ra1+ 37. Ke2 Ra2+ 38. Kd3 Bg1 39. g4 Bxh2 40. Rb6 Ra3+ 41. Ke2 Bf4 42. Rb7 Ra8 43. Re7 Rf8 44. Kd3 Rf7 45. Re8+ Kg7 46. Ke4 Bg5 47. Re5 Re7 48. Rxe7+ Bxe7 49. Ke5 Bf6+ 50. Ke6 Bg5 51. Ke5 Bd8 52. Kd6 g5 53. Kd7 Ba5 54. Ke6 Kg6 55. Ke5 Bc7+ 56. Ke4 h5 57. Ke3 h4 58. Ke2 Kf6 59. Ke3 h3 60. Kf2 Ke7 0-1

[Event "81st ch-ESP 2016"]
[White "Garcia Vicente, Nieves"]
[Black "Fernandez Diaz, Cristian"]
[Site "Linares ESP"]
[Result "1-0"]
[Date "2016.08.10"]
[WhiteElo "2174"]
[BlackElo "2332"]
[PlyCount "71"]

1. d4 d6 2. c4 e5 3. Nf3 e4 4. Ng5 f5 5. Nc3 c6 6. Nh3 Nf6 7. d5 Be7 8. e3 0-0 9. Nf4 Na6 10. Be2 Nc7 11. h3 g5 12. Nh5 Nxh5 13. Bxh5 Bf6 14. Bd2 Be5 15. Be2 Qf6 16. Qb3 Na6 17. 0-0-0 Nc5 18. Qa3 a5 19. f3 exf3 20. gxf3 f4 21. exf4 gxf4 22. Ne4 Nxe4 23. fxe4 Bd7 24. Bc3 Bxc3 25. Qxc3 Qxc3+ 26. bxc3 f3 27. Bd3 f2 28. dxc6 Bxc6 29. Kd2 Rf3 30. Ke2 Raf8 31. Rdf1 Bd7 32. Rh2 Bxh3 33. Rfxf2 Bf1+ 34. Kxf1 Rxd3 35. Rh1 Ra8 36. Ke1 1-0

[Event "81st ch-ESP 2016"]
[White "Fernandez Gonzalez, Sergio"]
[Black "Vehi Bach, Victor Manuel"]
[Site "Linares ESP"]
[Result "0-1"]
[Date "2016.08.10"]
[WhiteElo "2100"]
[BlackElo "2318"]
[PlyCount "44"]

1. b3 e5 2. Bb2 Nc6 3. e3 g6 4. Bb5 Bg7 5. f4 Nge7 6. Ne2 0-0 7. 0-0 d5 8. Bxc6 Nxc6 9. b4 a6 10. a4 Nxb4 11. fxe5 Qg5 12. Rf4 c5 13. d4 Bf5 14. Na3 cxd4 15. exd4 Rac8 16. h4 Qe7 17. Bc3 Bh6 18. Rf3 a5 19. Nb5 Bg4 20. Rf6 Rc6 21. Rxc6 bxc6 22. Nd6 Be3+ 0-1

[Event "81st ch-ESP 2016"]
[White "Ortega Lopez, Mikel"]
[Black "Rubio Tent, Francisco"]
[Site "Linares ESP"]
[Result "1/2-1/2"]
[Date "2016.08.10"]
[WhiteElo "2299"]
[BlackElo "2199"]
[PlyCount "36"]

1. e4 c6 2. Nc3 d5 3. Nf3 Bg4 4. h3 Bxf3 5. Qxf3 e6 6. d4 Nd7 7. Bd3 dxe4 8. Nxe4 Ngf6 9. c3 Nxe4 10. Bxe4 Nf6 11. Bc2 Qd5 12. Qg3 Nh5 13. Qg4 Nf6 14. Qg3 Nh5 15. Qg4 Nf6 16. Qg3 Nh5 17. Qg4 Nf6 18. Qg3 Qd8 1/2-1/2

[Event "81st ch-ESP 2016"]
[White "Guerra Rivera, Salvador"]
[Black "Ramirez Medina, Victor"]
[Site "Linares ESP"]
[Result "1-0"]
[Date "2016.08.10"]
[WhiteElo "2285"]
[BlackElo "2209"]
[PlyCount "49"]

1. e4 c5 2. Nf3 d6 3. Nc3 Nf6 4. d4 cxd4 5. Nxd4 a6 6. Be3 e6 7. f3 h5 8. Qd2 b5 9. a4 b4 10. Na2 d5 11. e5 Nfd7 12. f4 Qa5 13. Bd3 Nc5 14. 0-0 Nxd3 15. Qxd3 g6 16. c3 bxc3 17. Nxc3 Be7 18. Rac1 Bd7 19. Nb3 Qb4 20. f5 Qxb3 21. fxg6 fxg6 22. Qxg6+ Kd8 23. Nxd5 Nc6 24. Bb6+ Kc8 25. Rxc6+ 1-0

[Event "81st ch-ESP 2016"]
[White "Silva Rodriguez, Fernando"]
[Black "Perera Borrego, Mariela"]
[Site "Linares ESP"]
[Result "1-0"]
[Date "2016.08.10"]
[WhiteElo "2255"]
[BlackElo "2157"]
[PlyCount "53"]

1. d4 Nf6 2. c4 e6 3. Nf3 Bb4+ 4. Nbd2 b6 5. a3 Bxd2+ 6. Qxd2 Bb7 7. e3 0-0 8. b3 d6 9. Bb2 Nbd7 10. Qc2 Ne4 11. Be2 f5 12. 0-0 Rf6 13. d5 Rg6 14. Nd4 Qg5 15. g3 exd5 16. cxd5 Bxd5 17. Rad1 Kh8 18. Nf3 Nxg3 19. hxg3 Bxf3 20. Bxf3 Re8 21. Qxc7 Ne5 22. Bxe5 dxe5 23. Rd6 Rxd6 24. Qxd6 h5 25. Kg2 g6 26. Rc1 Qd8 27. Qd1 1-0

[Event "81st ch-ESP 2016"]
[White "Vallejo Pons, Francisco"]
[Black "Forcen Esteban, Daniel"]
[Site "Linares ESP"]
[Result "0-1"]
[Date "2016.08.11"]
[WhiteElo "2713"]
[BlackElo "2561"]
[PlyCount "68"]

1. e4 c5 2. Nc3 d6 3. Nge2 Nf6 4. g3 g6 5. d4 cxd4 6. Nxd4 Nc6 7. Nde2 Bd7 8. Bg2 Qc8 9. b3 Bg7 10. Bb2 Bh3 11. Bxh3 Qxh3 12. Nf4 Qh6 13. Rb1 g5 14. Nfd5 Nxd5 15. Nxd5 Bxb2 16. Rxb2 0-0-0 17. c4 e6 18. Nc3 Qf6 19. Rc2 Nd4 20. Rc1 h5 21. h3 h4 22. g4 Nf3+ 23. Kf1 Ne5 24. Kg2 Ng6 25. Ne2 Kb8 26. Qd3 d5 27. exd5 exd5 28. Qf5 Qe7 29. Rhe1 Qe4+ 30. f3 Qe3 31. cxd5 Rhe8 32. Qc2 Rc8 33. Nd4 Rxc2+ 34. Nxc2 Nf4+ 0-1

[Event "81st ch-ESP 2016"]
[White "Narciso Dublan, Marc"]
[Black "Gonzalez De La Torre, Santiago"]
[Site "Linares ESP"]
[Result "1-0"]
[Date "2016.08.11"]
[WhiteElo "2482"]
[BlackElo "2452"]
[PlyCount "97"]

1. d4 Nf6 2. c4 c5 3. d5 b5 4. cxb5 a6 5. bxa6 g6 6. Nc3 Bxa6 7. e4 Bxf1 8. Kxf1 d6 9. g3 Bg7 10. Kg2 0-0 11. Nge2 Na6 12. f3 Qd7 13. Bg5 Nh5 14. Qd2 f5 15. exf5 Qxf5 16. Rhf1 Nf6 17. g4 Qd7 18. Rae1 Nc7 19. Nf4 Rab8 20. Re2 Rb4 21. Rfe1 Nxg4 22. Rxe7 Qf5 23. Rxc7 Be5 24. Rxe5 Nxe5 25. Bh6 Rf7 26. Rxf7 Kxf7 27. h4 Nc4 28. Qe1 Rxb2+ 29. Kg3 Qe5 30. Qxe5 Nxe5 31. Ne6 Ke7 32. Bg7 Nc4 33. a4 Ne3 34. Kf4 Nf5 35. h5 Kf7 36. h6 Rh2 37. Ke4 Rb2 38. Kd3 Rb4 39. a5 c4+ 40. Kc2 Rb3 41. Ne4 Ne3+ 42. Kc1 Nxd5 43. N6g5+ Kg8 44. Nxd6 c3 45. Nge4 Ra3 46. Ne8 Kf7 47. N8d6+ Ke6 48. Nc4 Ra4 49. Nc5+ 1-0

[Event "81st ch-ESP 2016"]
[White "Suarez Gomez, Julio"]
[Black "Anton Guijarro, David"]
[Site "Linares ESP"]
[Result "0-1"]
[Date "2016.08.11"]
[WhiteElo "2429"]
[BlackElo "2627"]
[PlyCount "74"]

1. d4 Nf6 2. c4 e6 3. Nc3 Bb4 4. Qc2 0-0 5. a3 Bxc3+ 6. Qxc3 b6 7. Nf3 Bb7 8. g3 d6 9. Bg2 a5 10. b3 Nbd7 11. 0-0 Qe7 12. Bb2 c5 13. Rfd1 Rfd8 14. a4 Be4 15. Qe3 h6 16. dxc5 bxc5 17. Nh4 Bxg2 18. Kxg2 Ra6 19. h3 Nb8 20. Kh2 Nc6 21. Rd3 Rb6 22. Rad1 Ne8 23. Ng2 Rdb8 24. Ba1 Qb7 25. Rb1 Rb4 26. Qf3 Ne7 27. Qxb7 R8xb7 28. Rb2 Nc6 29. e3 Ne5 30. Rc3 Nf3+ 31. Kh1 g5 32. Rd3 e5 33. e4 Nd4 34. Rb1 Rxc4 35. Bxd4 cxd4 36. Ne1 Nf6 37. f3 Rxa4 0-1

[Event "81st ch-ESP 2016"]
[White "Vazquez Igarza, Renier"]
[Black "Santos Ruiz, Miguel"]
[Site "Linares ESP"]
[Result "1/2-1/2"]
[Date "2016.08.11"]
[WhiteElo "2589"]
[BlackElo "2440"]
[PlyCount "61"]

1. d4 Nf6 2. c4 e6 3. Nf3 d5 4. g3 Bb4+ 5. Bd2 Be7 6. Bg2 c6 7. Qc2 b6 8. 0-0 Nbd7 9. Bg5 0-0 10. Nbd2 Bb7 11. Rfd1 c5 12. Rac1 h6 13. Bxf6 Nxf6 14. cxd5 Bxd5 15. e4 Bb7 16. dxc5 Bxc5 17. Nb3 Qe7 18. Nxc5 Rfc8 19. e5 Nd5 20. Qd2 Rxc5 21. Rxc5 Qxc5 22. Rc1 Qe7 23. Nd4 Qd7 24. a3 Rd8 25. Ne2 Rc8 26. Nc3 Qc7 27. Qd4 Qb8 28. h4 Nxc3 29. Rxc3 Rxc3 30. Qxc3 Bxg2 31. Kxg2 1/2-1/2

[Event "81st ch-ESP 2016"]
[White "Lopez Martinez, Josep Manuel"]
[Black "Munoz, Miguel"]
[Site "Linares ESP"]
[Result "1/2-1/2"]
[Date "2016.08.11"]
[WhiteElo "2550"]
[BlackElo "2451"]
[PlyCount "131"]

1. e4 d5 2. exd5 Qxd5 3. Nc3 Qa5 4. d4 Nf6 5. Bc4 Nc6 6. d5 Nb8 7. Bd2 c6 8. Qe2 Qc7 9. dxc6 Nxc6 10. Nf3 Bg4 11. 0-0-0 a6 12. Bg5 e6 13. Bxf6 Qf4+ 14. Kb1 Bxf3 15. gxf3 Qxf6 16. Nd5 Qd8 17. f4 g6 18. f5 gxf5 19. Rhg1 Bd6 20. Ne3 Qe7 21. Nxf5 exf5 22. Rxd6 Qxe2 23. Bxe2 Ke7 24. Rd5 Kf6 25. Rgd1 Rhe8 26. Bf3 Re6 27. b3 Ne5 28. Bg2 Rg8 29. Bh3 Ng4 30. R1d2 Rg5 31. f4 Rg6 32. Rd7 b5 33. Rc7 Re4 34. Rdd7 Nh6 35. Rd2 Rxf4 36. Bg2 Kg7 37. c4 bxc4 38. bxc4 Rb6+ 39. Kc2 Ng4 40. Bd5 Ne5 41. Kc3 Rh4 42. c5 Rb5 43. Bb3 a5 44. Bxf7 Rh3+ 45. Kc2 Nxf7 46. Rdd7 Rxh2+ 47. Kd3 Rh3+ 48. Kc2 Kg6 49. Rxf7 a4 50. Rg7+ Kf6 51. Rxh7 Rxh7 52. Rxh7 Rxc5+ 53. Kd3 Rd5+ 54. Ke3 Re5+ 55. Kf3 Rc5 56. Ra7 Rc4 57. Ra8 f4 58. Ra5 Ke6 59. Rb5 Rd4 60. Ra5 Rb4 61. Rc5 Kd6 62. Rf5 Rb2 63. Rxf4 Rxa2 64. Ke3 a3 65. Kd3 Rh2 66. Kd4 1/2-1/2

[Event "81st ch-ESP 2016"]
[White "Alonso Rosell, Alvar"]
[Black "Espinosa Aranda, Angel"]
[Site "Linares ESP"]
[Result "1/2-1/2"]
[Date "2016.08.11"]
[WhiteElo "2524"]
[BlackElo "2422"]
[PlyCount "69"]

1. d4 Nf6 2. c4 e6 3. g3 d5 4. Nf3 Bb4+ 5. Bd2 Bd6 6. Nc3 c6 7. b3 0-0 8. Bg2 Nbd7 9. 0-0 b6 10. e4 dxe4 11. Ng5 Bb7 12. Ngxe4 Be7 13. Nxf6+ Nxf6 14. Bf4 Qd7 15. Be5 c5 16. Bxb7 Qxb7 17. dxc5 Rad8 18. Qe2 Bxc5 19. Rad1 Be7 20. Nb5 h6 21. Bb2 a6 22. Nd4 Ne4 23. Qf3 Bf6 24. Rfe1 Nc5 25. Qxb7 Nxb7 26. Bc3 Nc5 27. Ne2 Be7 28. Bd4 Nd7 29. Nc3 Bb4 30. Rc1 Nc5 31. Red1 Ba3 32. Rb1 Bb4 33. Rbc1 Ba3 34. Rb1 Bb4 35. Rbc1 1/2-1/2

[Event "81st ch-ESP 2016"]
[White "Carrasco Martinez, Juan M."]
[Black "Del Rio De Angelis, Salvador G."]
[Site "Linares ESP"]
[Result "0-1"]
[Date "2016.08.11"]
[WhiteElo "2342"]
[BlackElo "2522"]
[PlyCount "52"]

1. d4 e6 2. Nf3 f5 3. g3 Nf6 4. Bg2 Be7 5. 0-0 0-0 6. c4 d5 7. b3 c6 8. Ba3 Nbd7 9. Bxe7 Qxe7 10. Nc3 b6 11. cxd5 exd5 12. e3 Ba6 13. Re1 Ne4 14. Qc2 Rac8 15. Qb2 g5 16. Rac1 g4 17. Nh4 Rf6 18. Bf1 Bb7 19. Rc2 Rcf8 20. Nxd5 cxd5 21. Rc7 Nd6 22. Qa3 Qd8 23. Rec1 a5 24. Qa4 Nc5 25. Ra1 Bc8 26. Qxa5 bxa5 0-1

[Event "81st ch-ESP 2016"]
[White "Andres Gonzalez, Alberto"]
[Black "Garriga Cazorla, Pere"]
[Site "Linares ESP"]
[Result "1/2-1/2"]
[Date "2016.08.11"]
[WhiteElo "2512"]
[BlackElo "2392"]
[PlyCount "59"]

1. c4 c5 2. Nf3 Nf6 3. g3 d5 4. cxd5 Nxd5 5. Bg2 Nc6 6. Nc3 Nc7 7. 0-0 e5 8. d3 Be7 9. Be3 0-0 10. Nd2 Bd7 11. Nc4 f6 12. f4 b5 13. Nd2 exf4 14. Bxf4 Kh8 15. Bxc7 Qxc7 16. Nxb5 Qb8 17. Nc3 Qxb2 18. Rc1 f5 19. Nc4 Qb8 20. Nd5 Qd8 21. Rb1 Rb8 22. Rxb8 Qxb8 23. Qd2 Bd6 24. Nxd6 Qxd6 25. Qf4 Qe6 26. e3 Ne5 27. Rd1 h6 28. d4 Ng6 29. Qf2 cxd4 30. exd4 1/2-1/2

[Event "81st ch-ESP 2016"]
[White "Garza Marco, Sergio"]
[Black "Asis Gargatagli, Hipolito"]
[Site "Linares ESP"]
[Result "0-1"]
[Date "2016.08.11"]
[WhiteElo "2391"]
[BlackElo "2487"]
[PlyCount "62"]

1. d4 Nf6 2. c4 e6 3. Nc3 Bb4 4. e3 0-0 5. Nge2 c6 6. a3 Ba5 7. c5 d6 8. cxd6 Qxd6 9. b4 Bb6 10. f4 Rd8 11. g3 a5 12. Rb1 axb4 13. axb4 Na6 14. Qb3 Nd5 15. Ba3 Nac7 16. Ne4 Qe7 17. Nd2 e5 18. e4 exd4 19. exd5 Nxd5 20. Nc4 d3 21. Nxb6 Nxb6 22. Kf2 dxe2 23. Bxe2 Rd2 24. Rhe1 Be6 25. Qe3 Nc4 26. Qe4 Nxa3 27. Ra1 Qd8 28. f5 Bd5 29. Qe3 Nc4 30. Qc3 Qb6+ 31. Kf1 Qd8 0-1

[Event "81st ch-ESP 2016"]
[White "Lianes Garcia, Marcos"]
[Black "Huerga Leache, Mikel"]
[Site "Linares ESP"]
[Result "1/2-1/2"]
[Date "2016.08.11"]
[WhiteElo "2236"]
[BlackElo "2455"]
[PlyCount "65"]

1. e4 c5 2. Nf3 Nc6 3. d4 cxd4 4. Nxd4 e6 5. Nc3 Qc7 6. a3 a6 7. Be2 Nf6 8. Be3 b5 9. 0-0 Bb7 10. f4 Bc5 11. e5 Qb6 12. Bf3 Bxd4 13. Bxd4 Nxd4 14. Bxb7 Nf5+ 15. Kh1 Qxb7 16. exf6 gxf6 17. Qd3 h5 18. Rae1 0-0-0 19. Ne4 h4 20. Rf3 Rdg8 21. Nxf6 Rg7 22. Ne4 Qb6 23. c4 Ng3+ 24. Nxg3 hxg3 25. Rxg3 Qf2 26. Rd1 Qxf4 27. Rh3 Rhg8 28. Qxd7+ Kb8 29. Qc6 Qc7 30. Qxc7+ Kxc7 31. Rd2 bxc4 32. Rc3 Rg4 33. Rdc2 1/2-1/2

[Event "81st ch-ESP 2016"]
[White "Cuenca Jimenez, Jose Fernando"]
[Black "Domingo Nunez, Ruben"]
[Site "Linares ESP"]
[Result "1-0"]
[Date "2016.08.11"]
[WhiteElo "2541"]
[BlackElo "2321"]
[PlyCount "143"]

1. Nf3 Nf6 2. g3 b6 3. c4 e6 4. Bg2 Bb7 5. 0-0 Be7 6. b3 0-0 7. Bb2 c5 8. e3 d6 9. Qe2 Nbd7 10. d3 Qc7 11. Nc3 Rac8 12. Rad1 Rfd8 13. Ne1 Bxg2 14. Nxg2 Qb7 15. f4 d5 16. g4 d4 17. Nb1 dxe3 18. Nxe3 Ne8 19. f5 Nb8 20. fxe6 fxe6 21. Ng2 Qd7 22. Nf4 e5 23. Bxe5 Nc6 24. Bc3 Nf6 25. Ne6 Re8 26. g5 Bd6 27. gxf6 Rxe6 28. Qg4 Ne5 29. Qxg7+ Qxg7+ 30. fxg7 Ng4 31. Rd2 Rh6 32. Re2 Bxh2+ 33. Kg2 Bd6 34. Rfe1 Rg6 35. Kh3 Nh6 36. Rg2 Rxg2 37. Kxg2 Nf5 38. Nd2 Nxg7 39. Ne4 Be7 40. Re3 Nf5 41. Rh3 Rc6 42. Rh5 Rg6+ 43. Kf2 Nh4 44. Ng3 Bd6 45. Ne4 Be7 46. a4 Rg2+ 47. Kf1 Rg6 48. Rd5 Kf7 49. a5 Ke8 50. a6 Nf3 51. Kf2 Ng5 52. Be5 Ne6 53. Bb8 Bh4+ 54. Ke3 Bd8 55. Nd6+ Ke7 56. Nc8+ Ke8 57. Nxa7 Bc7 58. Nc6 Bxb8 59. Nxb8 Nc7 60. a7 Rg7 61. Rd6 Na8 62. Nc6 Rd7 63. Rf6 Rc7 64. d4 cxd4+ 65. Kxd4 Kd7 66. Kd5 h5 67. Rh6 h4 68. Rd6+ Kc8 69. Rd8+ Kb7 70. Rb8+ Ka6 71. Rxa8 h3 72. Rh8 1-0

[Event "81st ch-ESP 2016"]
[White "Vehi Bach, Victor Manuel"]
[Black "Arizmendi Martinez, Julen Luis"]
[Site "Linares ESP"]
[Result "1/2-1/2"]
[Date "2016.08.11"]
[WhiteElo "2318"]
[BlackElo "2496"]
[PlyCount "87"]

1. e4 c5 2. Nc3 Nc6 3. Nge2 e6 4. d4 cxd4 5. Nxd4 Qc7 6. Be3 a6 7. Qd2 Nf6 8. 0-0-0 Be7 9. f3 b5 10. g4 Nxd4 11. Bxd4 Bb7 12. g5 Nh5 13. h4 0-0 14. Bh3 b4 15. Ne2 Rac8 16. Kb1 f5 17. gxf6 Bxf6 18. Bg4 Bxd4 19. Nxd4 Nf4 20. h5 a5 21. h6 Qe5 22. hxg7 Rf7 23. Ne2 Nxe2 24. Qxe2 a4 25. Qh2 Qxh2 26. Rxh2 Bc6 27. Rd4 Rb8 28. b3 axb3 29. axb3 Rxg7 30. Rh5 Kf7 31. Kc1 Rb5 32. Rxb5 Bxb5 33. Rxb4 Rg5 34. Kd2 Bc6 35. Ke3 h5 36. Bh3 Rg1 37. Rd4 Kf6 38. Rd2 Rb1 39. Rh2 Bb5 40. Kd2 Kg5 41. Ke3 Re1+ 42. Kd2 Rb1 43. Ke3 Re1+ 44. Kd2 1/2-1/2

[Event "81st ch-ESP 2016"]
[White "Alvarado Diaz, Alejandro"]
[Black "Perez Garcia, Alejandro"]
[Site "Linares ESP"]
[Result "1-0"]
[Date "2016.08.11"]
[WhiteElo "2441"]
[BlackElo "2305"]
[PlyCount "86"]

1. d4 d5 2. c4 c6 3. Nf3 Nf6 4. Qc2 dxc4 5. Qxc4 Bg4 6. Nbd2 Nbd7 7. g3 e6 8. Bg2 Be7 9. 0-0 0-0 10. h3 Bf5 11. Qb3 Qb6 12. Nh4 Qxb3 13. Nxb3 Be4 14. Na5 Bb4 15. Nxb7 Rfb8 16. Nc5 Nxc5 17. dxc5 Bxc5 18. Nf3 Nd5 19. Ne5 Bxg2 20. Kxg2 Rc8 21. Rd1 f6 22. Nd3 Be7 23. e4 Nb6 24. Be3 c5 25. Rac1 c4 26. Nf4 Kf7 27. Rc2 Bc5 28. Kf3 Bxe3 29. Kxe3 Rd8 30. Rxd8 Rxd8 31. Ke2 Rd4 32. f3 f5 33. Ke3 Rd1 34. h4 h6 35. exf5 exf5 36. h5 a5 37. Rc3 a4 38. Rc2 Ra1 39. a3 Rd1 40. Rd2 Rg1 41. Rd6 Nc8 42. Rc6 Ne7 43. Rxc4 Rxg3 1-0

[Event "81st ch-ESP 2016"]
[White "Guerra Rivera, Salvador"]
[Black "Suarez Garcia, Carlos"]
[Site "Linares ESP"]
[Result "1/2-1/2"]
[Date "2016.08.11"]
[WhiteElo "2285"]
[BlackElo "2426"]
[PlyCount "73"]

1. e4 c5 2. Nf3 e6 3. c4 Nc6 4. Nc3 Nf6 5. Be2 d5 6. exd5 exd5 7. d4 Be6 8. cxd5 Nxd5 9. 0-0 Nxc3 10. bxc3 Be7 11. Rb1 0-0 12. Rxb7 cxd4 13. Nxd4 Nxd4 14. Qxd4 Qxd4 15. cxd4 Bf6 16. Be3 Rfb8 17. Rfb1 Rxb7 18. Rxb7 Bxa2 19. Bf3 Be6 20. d5 Bc8 21. Rxa7 Rxa7 22. Bxa7 Be5 23. Kf1 g5 24. g3 g4 25. Bg2 f5 26. f4 Bd6 27. Kf2 Bb7 28. Ke3 Ba6 29. Kd4 Kf7 30. Kc3 Ke7 31. Bd4 Bb5 32. Bg7 Kf7 33. Be5 Ke7 34. Kd4 Ba6 35. Ke3 Bc4 36. Kd4 Ba6 37. Ke3 1/2-1/2

[Event "81st ch-ESP 2016"]
[White "Cruz Lledo, Pablo"]
[Black "Silva Rodriguez, Fernando"]
[Site "Linares ESP"]
[Result "1/2-1/2"]
[Date "2016.08.11"]
[WhiteElo "2414"]
[BlackElo "2255"]
[PlyCount "103"]

1. d4 d5 2. Nf3 Nf6 3. e3 c5 4. b3 Nc6 5. Bb2 Bg4 6. h3 Bh5 7. Nbd2 cxd4 8. exd4 e6 9. Be2 Be7 10. 0-0 0-0 11. Ne5 Bxe2 12. Qxe2 Qb6 13. Ndf3 Rfd8 14. Rfd1 Nd7 15. Nd3 Nf8 16. c4 dxc4 17. bxc4 Bf6 18. Rab1 Qa5 19. d5 exd5 20. Bxf6 gxf6 21. Rb5 Qa4 22. Nb2 Re8 23. Qd2 Qxa2 24. cxd5 Ne5 25. Nd4 Nc4 26. Qh6 Nd6 27. Qxf6 Rad8 28. Rb3 Ne4 29. Qf3 Rxd5 30. Rxb7 Rd6 31. Rb3 Rf6 32. Qg4+ Ng6 33. Re1 Rf4 34. Qd7 Re5 35. Rb8+ Kg7 36. Nf3 Rd5 37. Qe8 Nf6 38. Qe3 Re4 39. Qc3 Rxe1+ 40. Nxe1 Qb1 41. Rb3 Nf4 42. Qg3+ Ng6 43. Qc3 Nf4 44. Kf1 Qe4 45. Qg3+ Ng6 46. Nbd3 a5 47. Qc7 a4 48. Rb4 Rd4 49. Qc3 Rxb4 50. Nxb4 Qe5 51. Na2 Ne4 52. Qxe5+ 1/2-1/2

[Event "81st ch-ESP 2016"]
[White "Vega Gutierrez, Sabrina"]
[Black "Sanchez Jerez, Emilio Miguel"]
[Site "Linares ESP"]
[Result "1-0"]
[Date "2016.08.11"]
[WhiteElo "2408"]
[BlackElo "2244"]
[PlyCount "89"]

1. d4 Nf6 2. c4 d6 3. Nc3 g6 4. e4 Bg7 5. f3 Nc6 6. Nge2 a6 7. Be3 Nd7 8. Qd2 Na5 9. Nf4 b5 10. cxb5 axb5 11. Nxb5 0-0 12. Rc1 c6 13. Na3 Qb6 14. Be2 Ba6 15. Rc2 Rfb8 16. Kf2 Bxe2 17. Nxe2 d5 18. exd5 cxd5 19. Rhc1 e6 20. b4 Nb3 21. axb3 Rxa3 22. Rc8+ Nf8 23. Rxb8 Qxb8 24. Bf4 Qa7 25. Bd6 Qa6 26. Bc5 Rxb3 27. Qc2 Rd3 28. Rb1 Qb5 29. Ra1 Bh6 30. Ra5 Qc4 31. Qxc4 dxc4 32. Ra8 Rb3 33. g4 c3 34. g5 Bg7 35. Ke3 f6 36. gxf6 Bh6+ 37. Kd3 c2+ 38. Kxc2 Rxf3 39. b5 Rxf6 40. b6 Rf7 41. Rb8 Rf2 42. Kd3 Rf3+ 43. Kc4 Kf7 44. Rd8 Rf2 45. b7 1-0

[Event "81st ch-ESP 2016"]
[White "Portela Peleteiro, Alberto"]
[Black "Jimenez Almeida, Luis David"]
[Site "Linares ESP"]
[Result "1-0"]
[Date "2016.08.11"]
[WhiteElo "2340"]
[BlackElo "2212"]
[PlyCount "113"]

1. e4 c5 2. Nf3 d6 3. d4 cxd4 4. Nxd4 Nf6 5. Nc3 a6 6. g3 e5 7. Nb3 Be7 8. Bg2 Qc7 9. a4 0-0 10. 0-0 Be6 11. Nd2 Rd8 12. Nd5 Nxd5 13. exd5 Bf5 14. Ne4 Nd7 15. Be3 Rac8 16. c3 b6 17. Qe2 Qc4 18. Qxc4 Rxc4 19. Nd2 Rcc8 20. Rfc1 Bd3 21. Bh3 f5 22. c4 g6 23. a5 b5 24. Bf1 Bxf1 25. Kxf1 b4 26. Bb6 Re8 27. Re1 Rb8 28. Ra4 e4 29. Rxb4 Ne5 30. Rb3 Nd3 31. Re3 Bf6 32. f3 Nc1 33. fxe4 Nxb3 34. Nxb3 Rxe4 35. Rxe4 fxe4 36. c5 Bd8 37. c6 Kf7 38. Nd2 Kf6 39. Nc4 Be7 40. Bd4+ Kf5 41. Nb6 Bd8 42. b4 Bc7 43. h3 e3 44. Bxe3 Ke4 45. Ke2 h5 46. h4 Rf8 47. Nd7 Rf3 48. Bb6 Rb3 49. Bxc7 Rb2+ 50. Kd1 Kxd5 51. Nb8 Rxb4 52. Bb6 Rc4 53. c7 Ke6 54. Nxa6 Kd7 55. Nb8+ Kc8 56. a6 Ra4 57. Nc6 1-0

[Event "81st ch-ESP 2016"]
[White "Meneses Gonzalez, Kevin Moises"]
[Black "Garcia Vicente, Nieves"]
[Site "Linares ESP"]
[Result "1-0"]
[Date "2016.08.11"]
[WhiteElo "2337"]
[BlackElo "2174"]
[PlyCount "118"]

1. e4 e5 2. Nf3 Nc6 3. Bb5 Nf6 4. d3 Bc5 5. Bxc6 dxc6 6. Nbd2 Nd7 7. Nc4 Qe7 8. 0-0 0-0 9. Bd2 Re8 10. Kh1 b5 11. Na5 Nb8 12. h3 Bb4 13. Bxb4 Qxb4 14. Nb3 Qd6 15. Qd2 Nd7 16. a4 b4 17. Na5 Qc5 18. Nc4 Ba6 19. Ne3 Nf8 20. b3 Bc8 21. Ng1 Ng6 22. Ne2 Nf4 23. Nc4 Nxe2 24. Qxe2 Be6 25. Ne3 Qd6 26. Qf3 Qe7 27. Qg3 Qf6 28. f4 exf4 29. Qxf4 Qxf4 30. Rxf4 Rad8 31. Rf2 f6 32. Kh2 Rd7 33. g4 h6 34. Kg3 Bf7 35. Rf5 Re5 36. h4 Rde7 37. Raf1 Kf8 38. g5 hxg5 39. hxg5 fxg5 40. Ng4 Rxf5 41. Rxf5 Ke8 42. Ra5 Bh5 43. Rxa7 Kd7 44. Ra5 Kd6 45. Rxg5 g6 46. a5 c5 47. a6 c6 48. Ne3 Ra7 49. Nc4+ Ke6 50. Rxc5 Rxa6 51. d4 Bd1 52. Ne5 Kd6 53. Nd3 Rb6 54. Rc4 Rb5 55. Kf2 Bg4 56. Nxb4 c5 57. dxc5+ Ke5 58. c6 Be6 59. Ke1 Bc8 1-0

[Event "81st ch-ESP 2016"]
[White "Lopez Gonzalez, Daniel"]
[Black "Teran Alvarez, Ismael"]
[Site "Linares ESP"]
[Result "1/2-1/2"]
[Date "2016.08.11"]
[WhiteElo "2279"]
[BlackElo "2413"]
[PlyCount "69"]

1. d4 e6 2. Nf3 f5 3. c4 Nf6 4. Nc3 Bb4 5. Qb3 a5 6. g3 b6 7. Bg2 Bb7 8. 0-0 0-0 9. Bg5 Qc8 10. Bxf6 Rxf6 11. Rfd1 Bxc3 12. Qxc3 Be4 13. Bf1 Na6 14. d5 exd5 15. cxd5 f4 16. Ng5 Bg6 17. d6 fxg3 18. hxg3 Nc5 19. Bg2 Rb8 20. dxc7 Qxc7 21. Rac1 Re8 22. Nh3 Bf7 23. Nf4 Qe5 24. Qxe5 Rxe5 25. b3 g5 26. Nd5 Bxd5 27. Bxd5+ Kf8 28. e3 Ke7 29. a3 Ref5 30. b4 axb4 31. axb4 Na6 32. f4 gxf4 33. gxf4 Nxb4 34. Kf1 Ke8 35. Ra1 1/2-1/2

[Event "81st ch-ESP 2016"]
[White "Domingo Nunez, Alejandro"]
[Black "Bernabeu Lopez, Carlos Javier"]
[Site "Linares ESP"]
[Result "1-0"]
[Date "2016.08.11"]
[WhiteElo "2344"]
[BlackElo "2267"]
[PlyCount "87"]

1. e4 e5 2. Nf3 Nc6 3. Bc4 Bc5 4. c3 Nf6 5. d3 a6 6. 0-0 Ba7 7. Re1 d6 8. Bb3 h6 9. Nbd2 g5 10. Nf1 g4 11. N3d2 h5 12. Nc4 h4 13. Be3 h3 14. g3 d5 15. Na3 d4 16. cxd4 Bxd4 17. Rb1 Qe7 18. Nc2 Be6 19. Bd5 Bxe3 20. Nfxe3 Qd7 21. Bxe6 Qxe6 22. d4 Qd7 23. d5 Ne7 24. Nc4 Ng6 25. N2e3 0-0 26. Nf5 Rae8 27. Nce3 Kh7 28. Nxg4 Nxg4 29. Qxg4 Qd8 30. Qxh3+ Kg8 31. Rbc1 Qg5 32. Qh6 Qxh6 33. Nxh6+ Kh7 34. Nf5 Rc8 35. Rc3 Rfd8 36. Rec1 Rd7 37. h4 f6 38. h5 Nh8 39. Kh2 Nf7 40. f4 exf4 41. gxf4 Nh6 42. Nxh6 Kxh6 43. Kh3 Kxh5 44. Rg3 1-0

[Event "81st ch-ESP 2016"]
[White "Navarro Lopez-Menchero, Daniel"]
[Black "Jimenez Martinez, Jose Vicente"]
[Site "Linares ESP"]
[Result "1/2-1/2"]
[Date "2016.08.11"]
[WhiteElo "2233"]
[BlackElo "2329"]
[PlyCount "62"]

1. e4 d6 2. Nf3 g6 3. Nc3 Bg7 4. Bc4 Nf6 5. 0-0 0-0 6. d4 Bg4 7. h3 Bxf3 8. Qxf3 Nc6 9. Ne2 e5 10. d5 Nd4 11. Nxd4 exd4 12. Bg5 h6 13. Bh4 g5 14. Bg3 Nd7 15. Bd3 Ne5 16. Qh5 Nxd3 17. cxd3 f5 18. exf5 Rxf5 19. Qg4 Qd7 20. f4 h5 21. Qxh5 Qe8 22. Qxe8+ Rxe8 23. fxg5 Rxg5 24. Bf4 Rxd5 25. Rac1 Re7 26. h4 Ra5 27. a3 Rb5 28. Rc2 Rb3 29. Bg5 Rd7 30. Rf3 c5 31. Kf2 b5 1/2-1/2

[Event "81st ch-ESP 2016"]
[White "Rubio Tent, Francisco"]
[Black "Hernando Rodrigo, Julio Antonio"]
[Site "Linares ESP"]
[Result "0-1"]
[Date "2016.08.11"]
[WhiteElo "2199"]
[BlackElo "2318"]
[PlyCount "86"]

1. e4 e6 2. d4 d5 3. Nc3 Bb4 4. e5 Ne7 5. a3 Bxc3+ 6. bxc3 c5 7. Qg4 Qc7 8. Qxg7 Rg8 9. Qxh7 cxd4 10. Ne2 dxc3 11. f4 Nbc6 12. Qd3 Bd7 13. Rb1 0-0-0 14. Nxc3 Na5 15. g3 Kb8 16. Ne2 d4 17. Bg2 Bc6 18. 0-0 Nf5 19. Rb4 Bxg2 20. Kxg2 Nc6 21. Rb3 f6 22. exf6 Qh7 23. Kg1 Rg6 24. Qe4 Ka8 25. Rf2 Rxf6 26. Rd3 Qc7 27. Bb2 Qb6 28. Rb3 Qc5 29. Qd3 a6 30. Qe4 Nd6 31. Qg2 e5 32. fxe5 Rxf2 33. Qxf2 Ne4 34. Qf7 b5 35. Rd3 Qxc2 36. Qf3 Ng5 37. Qg2 Nh3+ 38. Kf1 Kb8 39. Qxh3 Qxd3 40. Qh6 Qf3+ 41. Ke1 d3 42. Nd4 Rxd4 43. Qf8+ Qxf8 0-1

[Event "81st ch-ESP 2016"]
[White "Silva Lucena, Cristian"]
[Black "Ortega Lopez, Mikel"]
[Site "Linares ESP"]
[Result "1-0"]
[Date "2016.08.11"]
[WhiteElo "2230"]
[BlackElo "2299"]
[PlyCount "55"]

1. e4 e6 2. d4 d5 3. e5 c5 4. c3 Qb6 5. Nf3 Nc6 6. a3 f6 7. Bd3 fxe5 8. dxe5 c4 9. Bc2 g6 10. 0-0 Bg7 11. Nbd2 Nh6 12. b3 cxb3 13. Bxb3 0-0 14. Rb1 Qc7 15. c4 d4 16. c5 Ng4 17. Nc4 Ncxe5 18. Ncxe5 Nxe5 19. Nxd4 Qxc5 20. Nxe6 Bxe6 21. Bxe6+ Kh8 22. Qd5 Qc2 23. Be3 b6 24. Rbc1 Qa4 25. Rc7 Rad8 26. Bh6 Nf7 27. Bxg7+ Kxg7 28. Rxf7+ 1-0